Regions of Madagascar on a Map - Statistics

General Stats
  • This quiz has been taken 1,325 times
  • The average score is 12 of 23
Answers on the Map
Answers color-coded by a green-red scale on the quiz's map according to % correct below.
 
Answer Stats
Answer % Correct
Sofia
80%
Diana
76%
Sava
68%
Androy
55%
Analamanga
54%
Anosy
53%
Atsinanana
53%
Boeny
51%
Itasy
51%
Melaky
51%
Menabe
50%
Atsimo-Atsinanana
47%
Atsimo-Andrefana
46%
Vatovavy
45%
Betsiboka
44%
Bongolava
44%
Analanjirofo
43%
Fitovinany
43%
Alaotra-Mangoro
41%
Ihorombe
41%
Vakinankaratra
41%
Matsiatra Ambony
40%
Amoron'i Mania
38%
No matching quizzes found
Score Distribution
Percent of People with Each Score
Percentile by Number Answered
Your Score History
You have not taken this quiz